Normal view
MARC view
Entry Topical Term
001 - CONTROL NUMBER
- control field: 15630
003 - CONTROL NUMBER IDENTIFIER
- control field: OSt
005 - DATE AND TIME OF LATEST TRANSACTION
- control field: 20260421160946.0
008 - FIXED-LENGTH DATA ELEMENTS
- fixed length control field: 260421|| aca||aabn | a|a d
040 ## - CATALOGING SOURCE
- Original cataloging agency: OSt
- Transcribing agency: OSt
150 ## - HEADING--TOPICAL TERM
- Topical term or geographic name entry element: Reading comprehension
- General subdivision: Study and teaching (Elementary)
670 ## - SOURCE DATA FOUND
- Source citation: Work cat.: (OSt)5784: Catan, Elmira Q. 1517 author., Fluency-oriented reading instruction (FORI):effects on the reading level of the students (thesis) /
